| 000 | 00578nam a22001817a 4500 | ||
|---|---|---|---|
| 999 |
_c190539 _d190539 |
||
| 005 | 20220727143620.0 | ||
| 010 | _aENG-134044 | ||
| 020 | _a9788131785072 | ||
| 035 | _aEN-117576 | ||
| 037 | _bDBAD/PUB | ||
| 082 | _a000 | ||
| 100 | _aRao, M.L.V.Ramana | ||
| 245 |
_aSentence Correction For The GMAT/ _cM.L.V.Ramana RAO |
||
| 260 |
_aNoida _bDorling Kindersley Pvt. Ltd _c2013 |
||
| 270 |
_aDorling Kindersley Pvt .Ltd., licensees of Pearson Education in South Asia _bNoida _e201309 |
||
| 300 |
_a2007p.: _c25m(Pbk) _bAppendix |
||
| 942 |
_2ddc _cEN _h000 _mRAO |
||